00948nam a22002651 450000100060000000300080000600500170001400800410003103500190007204000320009104100080012308200220013124500790015325000120023226000390024430000320028350400510031565000410036665000400040765000350044770000260048294200120050899900170052095201450053734720BD-RjUL20211209052212.0140518s1968 nyua b 001 0 eng d a(BD-RjUL)34814 aDLCcDLCdDLCdBD-RjULbeng aeng00a301.435bOLD 196800aOld people in three industrial societies /cby Ethel Shanas ... [et. al.]. a1st ed. aNew York :bAtherton Press,c1968. ax, 478 p. :bill. ;c25 cm. aIncludes bibliographical references and index. 0aOlder peoplezUnited States.9105633 0aOlder peoplezGreat Britain.917645 0aOlder peoplezDenmark.91056341 aShanas, Ethel.916289 2ddccBK c34720d34720 00102ddc40718NFICaRUCLbRUCLcReadingd1971-08-07eZeitlingerg145.00l0o305.260973 OLD 1968r2014-05-18 00:00:00tC-1w2021-12-09yBK